3º medio y 4º medio. Matemática. Cuaderno de actividades.
Wedi'i Gadw mewn:
| Prif Awdur: | |
|---|---|
| Awduron Eraill: | , , , , , |
| Fformat: | Llyfr |
| Cyhoeddwyd: |
Santiago, Chile:
SM,
2021.
|
| Pynciau: | |
| Tagiau: |
Ychwanegu Tag
Dim Tagiau, Byddwch y cyntaf i dagio'r cofnod hwn!
|
MARC
| LEADER | 00000nam a22000007a 4500 | ||
|---|---|---|---|
| 003 | CL-VaPUC | ||
| 005 | 20250318102149.0 | ||
| 008 | 220816t2021 ||||| |||| 00| 0 eng d | ||
| 999 | |c 438321 |d 438319 | ||
| 020 | |a 978-956-363-723-6 | ||
| 040 | |c Pontificia Universidad Católica de Valparaíso | ||
| 082 | 7 | |a 510.712 GAE 2021 (t.1) |a 510.712 NOR 2021 (t.2) |2 22 | |
| 100 | |a Gaete Pino, Daniela |e autora |9 875549 | ||
| 245 | |a 3º medio y 4º medio. |b Matemática. Cuaderno de actividades. | ||
| 260 | |a Santiago, Chile: |b SM, |c 2021. | ||
| 300 | |a 62 páginas. | ||
| 583 | |c 20220816 |k Cristina María Rojas Aguilar | ||
| 650 | 0 | |a Matemáticas |x Educación media |9 875534 | |
| 650 | 0 | |a Matemáticas |x Enseñanza |9 875527 | |
| 700 | |a Norambuena Morales, Patricio |e autor |9 875536 | ||
| 700 | |a Díaz Vergara, Juan |e autor |9 875552 | ||
| 700 | |a Romante Flores, María Patricia |e autora |9 875537 | ||
| 700 | |a Ramírez Fuenzalida, Patricia |e autora |9 875543 | ||
| 700 | |a Hurtado Lobos, Yasna |e autora |9 875545 | ||
| 700 | |a Osorio Railef, Gladys |e autora |9 875550 | ||
| 942 | |2 ddc |c BK | ||
| 952 | |0 0 |1 0 |2 ddc |4 0 |6 510_712000000000000_GAE_2021 |7 0 |8 A |9 586220 |a BIBMAT |b BIBMAT |c E_DIDACT |d 2022-08-16 |h t.1 |i 5654175 |o 510.712 GAE 2021 |p 5654175 |r 2025-01-07 |t 1 |w 2022-08-16 |y BK |k MAT | ||
| 952 | |0 0 |1 0 |2 ddc |4 0 |6 510_712000000000000_NOR_2021 |7 0 |8 A |9 586221 |a BIBMAT |b BIBMAT |c E_DIDACT |d 2022-08-16 |h t.2 |i 5654176 |o 510.712 NOR 2021 |p 5654176 |r 2025-01-07 |t 1 |w 2022-08-16 |y BK |k MAT | ||